书目信息 |
| 题名: |
实用精细化工辞典
|
|
| 作者: | 安家驹 主编 | |
| 分册: | ||
| 出版信息: | 北京 中国轻工业出版社 2000.09 |
|
| 页数: | 1350页 | |
| 开本: | 19cm | |
| 丛书名: | ||
| 单 册: | ||
| 中图分类: | TQ064-61 | |
| 科图分类: | ||
| 主题词: | 化工过程:生产过程 , 化工产品--后处理 , 化工产品--包装 | |
| 电子资源: | ||
| ISBN: | 7-5019-2770-7 | |
| 000 | 00712nam0 2200241 450 | |
| 001 | 0765279331 | |
| 005 | 20071215180832.93 | |
| 010 | @a7-5019-2770-7@b精装@dCNY160.00 | |
| 100 | @a20071215d2000 km y0chiy0120 ea | |
| 101 | 0 | @achi |
| 102 | @aCN@b110000 | |
| 200 | 1 | @a实用精细化工辞典@Ashi yong jing xi hua gong ci dian@f安家驹主编@Fan jia ju zhu bian |
| 205 | @a2版 | |
| 210 | @a北京@c中国轻工业出版社@d2000.09 | |
| 215 | @a1350页@d19cm | |
| 606 | 0 | @a化工过程:生产过程 |
| 606 | 0 | @a化工产品@x后处理 |
| 606 | 0 | @a化工产品@x包装 |
| 690 | @aTQ064-61@v4 | |
| 701 | 0 | @a安家驹@Aan jia ju@4主编 |
| 801 | 0 | @aCN@b大连网信软件有限公司图书馆@c20071215 |
| 905 | @aBZT@dTQ064-61@e1 | |
| 906 | @dCNY160.00@n0@r1 | |
| 实用精细化工辞典/安家驹主编.-2版.-北京:中国轻工业出版社,2000.09 |
| 1350页;19cm |
| ISBN 7-5019-2770-7(精装):CNY160.00 |
| ● |
| 相关链接 |
|
|
|
正题名:实用精细化工辞典
索取号:TQ064-61/1
 
预约/预借
| 序号 | 登录号 | 条形码 | 馆藏地/架位号 | 状态 | 备注 |
| 1 | 637800 | 2000637800 | 中心书库中库/ 中库026架A面5列7层1/ [索取号:TQ064-61/1] | 在馆 | |
| 2 | 637801 | 2000637801 | 中心书库中库/ 中库026架A面5列7层3/ [索取号:TQ064-61/1] | 在馆 | |
| 3 | 637802 | 2000637802 | 中心书库中库/ 中库026架A面5列7层5/ [索取号:TQ064-61/1] | 在馆 | |
| 4 | 637803 | 2000637803 | 中心书库中库/ 中库026架A面5列7层2/ [索取号:TQ064-61/1] | 在馆 | |
| 5 | 637804 | 2000637804 | 中心书库中库/ 中库026架A面5列7层4/ [索取号:TQ064-61/1] | 在馆 |